| 000 | 00856nam a2200217 a 4500 | ||
|---|---|---|---|
| 001 | 000029654 | ||
| 003 | DO-SdBNP | ||
| 005 | 20210826095403.0 | ||
| 007 | ta | ||
| 008 | 110419s1986 dr 000 0 spa d | ||
| 040 |
_aDO-SdBNP _bspa _cBNPHU |
||
| 082 | 4 |
_222 _a625 _bR426r |
|
| 110 | 0 | 1 |
_aRepública Dominicana. Secretaría de Estados de Obras Públicas y Comunicaciones, _bDirección General de Reglamentos y Sistemas _bM-017 _956461 |
| 245 | 1 | 0 |
_aRecomendaciones provisionales para la presentación de proyectos viales / _cSecretaría de Estados de Obras Públicas y Comunicaciones |
| 260 |
_aSanto Domingo : _bDirección General de Reglamentos y Sistemas, _c1986. |
||
| 300 |
_a38 p. : _bil.; _c28 cm. |
||
| 590 | _aInventariado, 2021 / SA | ||
| 700 |
_aIng. Medrano S. Jacqueline _eCoodinadora _979587 |
||
| 910 | _aSaquino | ||
| 942 |
_2ddc _cLBS1 |
||
| 999 |
_c29146 _d29146 |
||